Emmy and the incredible shrinking rat / (Record no. 516)

MARC details
000 -LEADER
fixed length control field 01200cam a2200313 a 4500
005 - DATE AND TIME OF LATEST TRANSACTION
control field 20250828094646.0
020 ## - INTERNATIONAL STANDARD BOOK NUMBER
International Standard Book Number 9780805081503 (hc. : alk. paper)
020 ## - INTERNATIONAL STANDARD BOOK NUMBER
International Standard Book Number 080508150X (hc. : alk. paper)
040 ## - CATALOGING SOURCE
Original cataloging agency DLC
Transcribing agency DLC
Modifying agency BKX
-- BTCTA
-- BAKER
-- LF8
-- YDXCP
-- EHH
-- IXA
-- VP@
-- DLC
Language of cataloging eng
050 00 - LIBRARY OF CONGRESS CALL NUMBER
Classification number PZ7.J675
Item number Em 2007
082 00 - DEWEY DECIMAL CLASSIFICATION NUMBER
Classification number 813.6
Edition number 22
100 1# - MAIN ENTRY--PERSONAL NAME
Personal name Jonell, Lynne.
245 10 - TITLE STATEMENT
Title Emmy and the incredible shrinking rat /
Statement of responsibility, etc. Lynne Jonell ; art by Jonathan Bean.
250 ## - EDITION STATEMENT
Edition statement 1st ed.
260 ## - PUBLICATION, DISTRIBUTION, ETC.
Place of publication, distribution, etc. New York :
Name of publisher, distributor, etc. H. Holt,
Date of publication, distribution, etc. 2007.
300 ## - PHYSICAL DESCRIPTION
Extent 346 pages :
Other physical details illustrations ;
Dimensions 22 cm.
505 ## - FORMATTED CONTENTS NOTE
Formatted contents note M
520 ## - SUMMARY, ETC.
Summary, etc. When Emmy discovers that she and her formerly loving parents are being drugged by their evil nanny with rodent potions that can change people in frightening ways, she and some new friends must try everything possible to return things to normal.
521 ## - TARGET AUDIENCE NOTE
Target audience note 690 <br/>
Source Lexile
521 ## - TARGET AUDIENCE NOTE
Target audience note M <br/>
Source Raz-Plus
650 #0 - SUBJECT ADDED ENTRY--TOPICAL TERM
Topical term or geographic name entry element Rodents
Form subdivision Juvenile fiction.
650 #1 - SUBJECT ADDED ENTRY--TOPICAL TERM
Topical term or geographic name entry element Rodents
Form subdivision Fiction.
650 #1 - SUBJECT ADDED ENTRY--TOPICAL TERM
Topical term or geographic name entry element Humorous stories.
655 #7 - INDEX TERM--GENRE/FORM
Genre/form data or focus term Humorous fiction.
Source of term gsafd
700 1# - ADDED ENTRY--PERSONAL NAME
Personal name Bean, Jonathan,
Dates associated with a name 1979-
Relator term ill.
906 ## - LOCAL DATA ELEMENT F, LDF (RLIN)
a 7
b cbc
c orignew
d 1
e ecip
f 20
g y-gencatlg
942 ## - ADDED ENTRY ELEMENTS (KOHA)
Source of classification or shelving scheme Dewey Decimal Classification
Koha item type Books
Suppress in OPAC No
999 ## -
-- 516
-- 516
Holdings
Withdrawn status Lost status Source of classification or shelving scheme Damaged status Not for loan Collection Home library Current library Shelving location Date acquired Total Checkouts Full call number Barcode Date due Date last seen Date last checked out Copy number Price effective from Koha item type
    Dewey Decimal Classification     Juvenile Fiction Footprints International School Library Network Toul Kork Campus Footprints International School Library Network Toul Kork Campus TK Primary Library Room(4th Floor), Bookcase 5&6, Shelves 33-56, Orange Books 05/16/2023 3 JON 813.6 PZ7.J675 FISTK04929 12/23/2025 12/09/2025 12/09/2025 1 05/16/2023 Books
    Dewey Decimal Classification     Juvenile Fiction Footprints International School Library Network Toul Kork Campus Footprints International School Library Network Toul Kork Campus TK Primary Library Room(4th Floor), Bookcase 5&6, Shelves 33-56, Orange Books 08/28/2025 1 JON 813.6 PZ7.J675 FISTKG5A063 05/12/2026 04/28/2026 04/28/2026 2 08/28/2025 Books
    Dewey Decimal Classification     Juvenile Fiction Footprints International School Library Network Toul Tom Poung Campus Footprints International School Library Network Toul Tom Poung Campus TTP Primary Orange Bookshelves 01/03/2024   JON 813.6 PZ7.J675 FISSE00993   08/28/2025   3 08/28/2025 Books